[Event "Rated Blitz tournament BL4jA8rX"]
[Site "?"]
[Date "2021.04.09"]
[Round "?"]
[White "Groundhopping"]
[Black "dr_xStranger"]
[Result "0-1"]
[WhiteElo "2324"]
[BlackElo "2525"]
[PlyCount "74"]
[EventDate "2021.??.??"]
[EventType "blitz"]

1. e4 e5 2. Nf3 d5 3. d4 dxe4 4. Nxe5 Bd6 5. Bf4 Nf6 6. Bc4 O-O 7. O-O Nc6 8.
Nxc6 bxc6 9. Bxd6 cxd6 10. Nc3 d5 11. Be2 Re8 12. Qd2 Rb8 13. Nd1 Qc7 14. c3
Bg4 15. Ne3 Bxe2 16. Qxe2 h5 17. h3 Qf4 18. g3 Qg5 19. h4 Qg6 20. b4 Re6 21.
Ng2 Qh6 22. Nf4 Re7 23. Qa6 Ng4 24. Rae1 Rbe8 25. b5 e3 26. f3 e2 27. fxg4
exf1=Q+ 28. Rxf1 Re3 29. Kh2 hxg4 30. Qxc6 Qxc6 31. bxc6 Rxc3 32. Nxd5 Re2+ 33.
Kh1 Rxc6 34. Nf4 Rxa2 35. d5 Rcc2 36. Rd1 Rd2 37. Re1 g6 {Normal} 0-1

[Event "Rated Blitz game"]
[Site "?"]
[Date "2021.04.09"]
[Round "?"]
[White "ehud50"]
[Black "annaly1979"]
[Result "0-1"]
[WhiteElo "2425"]
[BlackElo "2375"]
[PlyCount "86"]
[EventDate "2021.??.??"]
[EventType "blitz"]

1. e4 e5 2. Nf3 d5 3. Nxe5 Qe7 4. d4 f6 5. Nd3 Nc6 6. Be3 dxe4 7. Nf4 f5 8.
Qh5+ Qf7 9. Qxf7+ Kxf7 10. Bc4+ Ke8 11. Nc3 Nf6 12. O-O-O a6 13. f3 Bd6 14.
fxe4 fxe4 15. Ne6 Bxe6 16. Bxe6 Ke7 17. d5 Ne5 18. Bg5 e3 19. Bxe3 h6 20. Rhe1
b5 21. Bd4 Nc4 22. Ne4 Nxe4 23. Rxe4 Rhf8 24. Bxg7 Rf2 25. b3 Ba3+ 26. Kb1 Nd2+
27. Ka1 Nxe4 28. Re1 Kd6 29. Bb2 Bxb2+ 30. Kxb2 Nc5 31. Re3 Rxg2 32. Bf7 b4 33.
Rh3 Rf8 34. Rxh6+ Ke5 35. Be6 Nxe6 36. Rxe6+ Kxd5 37. Rxa6 c5 38. a3 Rff2 39.
axb4 cxb4 40. Ra8 Rxc2+ 41. Kb1 Rcf2 42. Rd8+ Kc6 43. Rd1 Rxh2 {Time forfeit}
0-1

[Event "Rated Blitz game"]
[Site "?"]
[Date "2021.04.09"]
[Round "?"]
[White "Dr_Miro_aliraqi"]
[Black "Killerrhino"]
[Result "1-0"]
[WhiteElo "2379"]
[BlackElo "2416"]
[PlyCount "123"]
[EventDate "2021.??.??"]
[EventType "blitz"]

1. e4 e5 2. Nf3 d5 3. d4 dxe4 4. Nxe5 Bd6 5. Bc4 Bxe5 6. Qh5 Qe7 7. Qxe5 Qxe5
8. dxe5 Nc6 9. Nc3 Nxe5 10. Bb3 Bf5 11. Bf4 f6 12. O-O O-O-O 13. Rfe1 Ng6 14.
Bg3 Re8 15. h4 h5 16. Nd5 c6 17. Ne3 Be6 18. Bxe6+ Rxe6 19. Nf5 Ne5 20. Nxg7
Re7 21. Nf5 Rd7 22. Rad1 Rxd1 23. Rxd1 Nh6 24. Nd6+ Kc7 25. Nxe4 Nf5 26. Nxf6
Nxg3 27. fxg3 Nc4 28. Rd7+ Kb6 29. b3 Ne3 30. c4 Nf5 31. Kh2 Rh6 32. Rf7 Nd6
33. Rf8 Rg6 34. Nxh5 Re6 35. Rf2 Re1 36. g4 Ne4 37. Rc2 Kc5 38. Ng3 Nd6 39. Nf5
Ne4 40. h5 Rd1 41. h6 Rd7 42. Re2 Ng5 43. Ng7 Kb4 44. Re5 Nh7 45. g5 Rd6 46.
Ne6 Ka3 47. g6 Nf6 48. Kg3 Kxa2 49. h7 Nxh7 50. gxh7 Kxb3 51. h8=Q Rd3+ 52. Kf2
Kxc4 53. Re4+ Kb3 54. Nc5+ Kc2 55. Nxd3 Kxd3 56. Qd4+ Kc2 57. Re2+ Kb3 58. Re3+
Kc2 59. Qc3+ Kb1 60. Re1+ Ka2 61. Re2+ Kb1 62. Qe1# {Normal} 1-0

[Event "Rated Blitz game"]
[Site "?"]
[Date "2021.04.09"]
[Round "?"]
[White "Partisiano"]
[Black "annaly1979"]
[Result "1-0"]
[WhiteElo "2424"]
[BlackElo "2399"]
[PlyCount "87"]
[EventDate "2021.??.??"]
[EventType "blitz"]

1. e4 e5 2. Nf3 d5 3. d4 dxe4 4. Nxe5 Bd6 5. Bc4 Bxe5 6. Qh5 Qe7 7. dxe5 Nc6 8.
Bg5 g6 9. Qh4 Qxe5 10. Nc3 Bd7 11. O-O-O Nge7 12. Bf6 Qc5 13. Qxe4 Rg8 14. Nd5
O-O-O 15. Nxe7+ Nxe7 16. Bxe7 Rde8 17. Bxc5 Rxe4 18. Bb3 b6 19. Be3 Rf8 20. Rd2
f5 21. Bh6 Rfe8 22. Rhd1 Bc6 23. Bd5 Bxd5 24. Rxd5 R8e7 25. Bg5 Rf7 26. f3 Re2
27. R5d2 Rxd2 28. Rxd2 a5 29. a4 Kb7 30. Re2 f4 31. Re4 Rf5 32. Bxf4 g5 33. Bg3
h5 34. Re7 Rc5 35. Bxc7 Rxc7 36. Rxc7+ Kxc7 37. Kd2 Kd6 38. Ke3 Ke5 39. g3 Kf5
40. f4 gxf4+ 41. gxf4 Kg4 42. Ke4 h4 43. f5 Kg5 44. Ke5 {Normal} 1-0

[Event "Rated Blitz game"]
[Site "?"]
[Date "2021.04.09"]
[Round "?"]
[White "pl0xkeppa"]
[Black "Taabling"]
[Result "1-0"]
[WhiteElo "2403"]
[BlackElo "2415"]
[PlyCount "133"]
[EventDate "2021.??.??"]
[EventType "blitz"]

1. e4 e5 2. Nf3 d5 3. Nxe5 Bd6 4. d4 dxe4 5. Nc3 Nf6 6. Bg5 Bf5 7. g4 Bg6 8.
Bg2 O-O 9. Nxg6 fxg6 10. Nxe4 Nc6 11. Nxd6 Qxd6 12. O-O Nxd4 13. c3 Ne6 14.
Qxd6 cxd6 15. Bxf6 Rxf6 16. Bxb7 Rb8 17. Bd5 Rxb2 18. Rae1 Kf7 19. Rxe6 Rxe6
20. Re1 Kf6 21. Rxe6+ Kg5 22. h3 h5 23. gxh5 gxh5 24. Rxd6 a5 25. Kg2 Rc2 26.
c4 Rxa2 27. c5 Rc2 28. c6 a4 29. Rd7 Kf6 30. c7 a3 31. Rd6+ Ke5 32. Rc6 Rxc6
33. Bxc6 a2 34. c8=Q a1=Q 35. Qe8+ Kd6 36. Qd7+ Kc5 37. Qd5+ Kb6 38. Qb5+ Kc7
39. Bf3 h4 40. Qc6+ Kd8 41. Bg4 Qd4 42. Qc8+ Ke7 43. Qe6+ Kf8 44. Bh5 g6 45.
Bxg6 Kg7 46. Be4 Kf8 47. Qf5+ Kg7 48. Qg5+ Kf8 49. Bf3 Kf7 50. Qg4 Qf6 51. Bd5+
Ke7 52. Qe6+ Qxe6 53. Bxe6 Kxe6 54. Kf3 Kf5 55. Ke3 Ke5 56. f4+ Kf6 57. Ke4 Kg6
58. Ke5 Kh5 59. Ke6 Kg6 60. f5+ Kg5 61. f6 Kf4 62. f7 Kg3 63. f8=Q Kxh3 64. Qf2
Kg4 65. Qh2 h3 66. Ke5 Kh4 67. Kf4 {Normal} 1-0

[Event "Rated Blitz tournament 6nwhVF1k"]
[Site "?"]
[Date "2021.04.08"]
[Round "?"]
[White "excelsior13"]
[Black "Zamaliev97"]
[Result "0-1"]
[WhiteElo "2365"]
[BlackElo "2443"]
[PlyCount "86"]
[EventDate "2021.??.??"]
[EventType "blitz"]

1. e4 e5 2. Nf3 d5 3. exd5 e4 4. Qe2 Nf6 5. d3 Be7 6. dxe4 O-O 7. Nc3 c6 8. Be3
cxd5 9. exd5 Bb4 10. Rd1 Qa5 11. Bd2 Re8 12. Be3 Bxc3+ 13. bxc3 Qxc3+ 14. Qd2
Qa3 15. Be2 Ne4 16. Qd4 Qa5+ 17. Bd2 Nxd2 18. Qxd2 Qxa2 19. O-O Qa3 20. Ra1 Qd6
21. c4 Nd7 22. Bd3 Nc5 23. Bc2 Bg4 24. Nd4 a6 25. Rfe1 Qf6 26. h3 Bd7 27. Nf3
Bxh3 28. Ng5 Bf5 29. Bxf5 Qxf5 30. Nf3 Nb3 31. Nd4 Nxd2 32. Nxf5 Nxc4 33. Rec1
b5 34. d6 Red8 35. Ne7+ Kf8 36. Rd1 Rxd6 37. Rxd6 Nxd6 38. Nc6 Nc4 39. f3 a5
40. Kf2 a4 41. Ke2 Rc8 42. Nd4 Nd6 43. Rb1 Rc5 {Time forfeit} 0-1

[Event "Rated Blitz tournament RWQQE8oM"]
[Site "?"]
[Date "2021.04.08"]
[Round "?"]
[White "Kind_Wolf138"]
[Black "Akbas_Kaan"]
[Result "0-1"]
[WhiteElo "2368"]
[BlackElo "2438"]
[PlyCount "120"]
[EventDate "2021.??.??"]
[EventType "blitz"]

1. e4 e5 2. Nf3 d5 3. exd5 e4 4. Qe2 Nf6 5. Nc3 Be7 6. Nxe4 O-O 7. d3 Nxd5 8.
Qd1 f5 9. Nc3 Bb4 10. Bd2 Bxc3 11. bxc3 Nc6 12. Be2 Kh8 13. O-O b6 14. c4 Nf6
15. Bc3 Bb7 16. Ne5 Nd4 17. Nf3 Nxe2+ 18. Qxe2 Re8 19. Qd2 Bxf3 20. gxf3 Re6
21. Kh1 Qe8 22. Rg1 Qh5 23. Qf4 Rae8 24. Rg5 Qh6 25. Rag1 R8e7 26. Rxg7 Qxg7
27. Rxg7 Kxg7 28. h4 Kf7 29. Qxf5 c5 30. h5 Rd7 31. Kh2 Rdd6 32. h6 Ke7 33.
Bxf6+ Rxf6 34. Qxh7+ Rf7 35. Qe4+ Kf8 36. h7 Rh6+ 37. Kg2 Rg7+ 38. Kf1 Rh1+ 39.
Ke2 Re7 40. f4 Rxe4+ 41. dxe4 Rxh7 42. f5 Ke7 43. f4 Rh3 44. e5 Kf7 45. Kf2 Rc3
46. Ke2 a6 47. Kd2 Rh3 48. c3 b5 49. a4 bxa4 50. Kc2 Rf3 51. Kb2 Rxf4 52. e6+
Kf6 53. Ka3 Rxc4 54. Kb2 Kxf5 55. Ka3 Kxe6 56. Kb2 Kd5 57. Ka3 Rh4 58. Kb2 Kc4
59. Ka3 Rh2 60. Kxa4 Ra2# {Normal} 0-1

[Event "Rated Blitz game"]
[Site "?"]
[Date "2021.04.08"]
[Round "?"]
[White "mikromurks"]
[Black "Killerrhino"]
[Result "0-1"]
[WhiteElo "2402"]
[BlackElo "2401"]
[PlyCount "108"]
[EventDate "2021.??.??"]
[EventType "blitz"]

1. e4 e5 2. Nf3 d5 3. exd5 e4 4. Qe2 Nf6 5. d3 Qxd5 6. Nc3 Bb4 7. Bd2 Bxc3 8.
Bxc3 O-O 9. dxe4 Nxe4 10. Qd3 Nxc3 11. bxc3 Re8+ 12. Be2 Qe6 13. O-O Nc6 14.
Rfe1 Qf6 15. Bf1 Bf5 16. Qb5 b6 17. Rxe8+ Rxe8 18. Nd4 Bd7 19. Qd3 Ne5 20. Qg3
c5 21. Nf3 Bc6 22. Nxe5 Qxe5 23. Rd1 g6 24. h3 Qxg3 25. fxg3 Re3 26. Rd3 Re1
27. Kf2 Ra1 28. Rd6 Ba4 29. Bc4 Rc1 30. Rf6 Rxc2+ 31. Kg1 Be8 32. Rf3 b5 33.
Bd5 Kg7 34. g4 f6 35. Re3 Kf8 36. Re6 Rxc3 37. Rxf6+ Ke7 38. Ra6 c4 39. Rxa7+
Kd6 40. Bf3 h5 41. gxh5 gxh5 42. Ra8 Bd7 43. Rh8 Kc5 44. Rxh5+ Kb4 45. Rd5 Bc6
46. Rd6 Bxf3 47. gxf3 Rxf3 48. Kg2 Ra3 49. h4 Rxa2+ 50. Kf3 Ra1 51. h5 Rh1 52.
h6 c3 53. Ke2 Kb3 54. Kd3 c2 {Normal} 0-1

[Event "Rated Blitz game"]
[Site "?"]
[Date "2021.04.08"]
[Round "?"]
[White "Elgranconejo"]
[Black "King_bg03"]
[Result "0-1"]
[WhiteElo "2443"]
[BlackElo "2548"]
[PlyCount "120"]
[EventDate "2021.??.??"]
[EventType "blitz"]

1. e4 e5 2. Nf3 d5 3. exd5 e4 4. Qe2 Nf6 5. Nc3 Be7 6. Nxe4 O-O 7. Nxf6+ Bxf6
8. Qd1 Re8+ 9. Be2 Qe7 10. d4 Bg4 11. Be3 Qb4+ 12. Qd2 Qxb2 13. O-O Qb6 14.
Rab1 Qd6 15. Rxb7 Qxd5 16. Rfb1 Qxa2 17. h3 Bf5 18. R7b2 Qe6 19. Ng5 Qe7 20.
Bf3 c6 21. Rb7 Nd7 22. Bxc6 Qd6 23. Bf3 Rab8 24. Rxb8 Rxb8 25. Rxb8+ Qxb8 26.
c4 Nb6 27. Qb4 Qd8 28. c5 Bxg5 29. Bxg5 Qxg5 30. cxb6 axb6 31. Qxb6 h6 32. Qb8+
Kh7 33. Qe5 Qc1+ 34. Kh2 Bg6 35. Be4 Qd2 36. Bxg6+ fxg6 37. Qe3 Qd1 38. g3 h5
39. h4 Qa4 40. Kg2 Qc6+ 41. Qf3 Qd6 42. d5 Qe5 43. Qd3 Qd6 44. Qe4 Kg8 45. Qe6+
Qxe6 46. dxe6 Kf8 47. Kf3 Ke7 48. Kf4 Kxe6 49. Kg5 Kf7 50. f3 Kf8 51. g4 Kg8
52. Kxg6 hxg4 53. fxg4 Kh8 54. h5 Kg8 55. g5 Kh8 56. h6 Kg8 57. h7+ Kh8 58. Kf7
Kxh7 59. g6+ Kh6 60. Kf8 Kxg6 {Time forfeit} 0-1

[Event "Rated Blitz game"]
[Site "?"]
[Date "2021.04.08"]
[Round "?"]
[White "Nicah"]
[Black "KamranShirazi"]
[Result "1-0"]
[WhiteElo "2524"]
[BlackElo "2455"]
[PlyCount "61"]
[EventDate "2021.??.??"]
[EventType "blitz"]

1. e4 e5 2. Nf3 d5 3. exd5 e4 4. Qe2 Nf6 5. Nc3 Be7 6. Nxe4 Nxd5 7. Qd1 O-O 8.
Be2 Nf4 9. O-O Bf5 10. d3 Nxe2+ 11. Qxe2 Re8 12. Re1 Nc6 13. Ng3 Bg6 14. Bf4
Qd7 15. Qd2 h6 16. Ne5 Nxe5 17. Bxe5 Bg5 18. f4 Rxe5 19. Rxe5 Qd4+ 20. Qe3 Qxb2
21. Re1 Bf6 22. Re8+ Kh7 23. Kh1 Bc3 24. Rxa8 Bxe1 25. Qxe1 Qxc2 26. f5 Qxd3
27. fxg6+ fxg6 28. h3 Qd5 29. Qe8 g5 30. Qe4+ Qf5 31. Qxf5+ {Normal} 1-0

[Event "Rated Blitz game"]
[Site "?"]
[Date "2021.04.08"]
[Round "?"]
[White "Ciencia_3214"]
[Black "King_bg03"]
[Result "1-0"]
[WhiteElo "2544"]
[BlackElo "2527"]
[PlyCount "149"]
[EventDate "2021.??.??"]
[EventType "blitz"]

1. e4 e5 2. Nf3 d5 3. d4 exd4 4. exd5 Qxd5 5. Qxd4 Qxd4 6. Nxd4 a6 7. Nc3 Nf6
8. Bg5 c5 9. Nf3 Be6 10. O-O-O Be7 11. Ne5 Nbd7 12. Nxd7 Nxd7 13. Bxe7 Kxe7 14.
Nd5+ Bxd5 15. Rxd5 Rhd8 16. Be2 g6 17. Rhd1 Rac8 18. Bf3 b6 19. Rd6 Rb8 20. Be2
a5 21. f4 Nf6 22. Rxd8 Rxd8 23. Rxd8 Kxd8 24. Bf3 Ke7 25. a4 Kd6 26. Kd2 Nd7
27. Kd3 f5 28. Kc4 h6 29. h4 Nf6 30. Kb5 Kc7 31. Ka6 Nh7 32. Bd5 Nf8 33. Bf7
Kc6 34. Be8+ Kc7 35. Ka7 Kd8 36. Bf7 Kc7 37. g3 Kc6 38. Be8+ Kc7 39. Ka6 c4 40.
c3 Ne6 41. Bxg6 Ng7 42. Kb5 Kd6 43. Kxc4 Ke6 44. Kb5 Kf6 45. h5 Ne6 46. Ka6 Ke7
47. Kxb6 Kd6 48. Kxa5 Nc5 49. Bxf5 Nb3+ 50. Kb4 Nd2 51. a5 Kc7 52. a6 Kb8 53.
Kc5 Ka7 54. Bd3 Nf3 55. b4 Ne1 56. Be4 Kxa6 57. b5+ Ka7 58. c4 Kb8 59. Kb6 Nc2
60. Bxc2 Kc8 61. c5 Kd7 62. c6+ Kd6 63. c7 Kd5 64. c8=Q Kd4 65. Qf5 Ke3 66. Qg6
Kf2 67. Qxh6 Kg1 68. f5 Kf2 69. f6 Kg2 70. f7 Kg1 71. f8=Q Kh2 72. Qd2+ Kh3 73.
Qf1+ Kg4 74. Qdf4+ Kxh5 75. Qh3# {Normal} 1-0

[Event "Rated Blitz game"]
[Site "?"]
[Date "2021.04.08"]
[Round "?"]
[White "swimmerchess"]
[Black "King_bg03"]
[Result "1-0"]
[WhiteElo "2767"]
[BlackElo "2534"]
[PlyCount "79"]
[EventDate "2021.??.??"]
[EventType "blitz"]

1. e4 e5 2. Nf3 d5 3. exd5 e4 4. Qe2 Nf6 5. d3 Qxd5 6. Nfd2 Bg4 7. f3 Be6 8.
fxe4 Qd7 9. Nc3 Nc6 10. Nf3 O-O-O 11. Bd2 Bg4 12. O-O-O Nd4 13. Qf2 Bc5 14. Be3
Bxf3 15. gxf3 Kb8 16. Kb1 Nh5 17. f4 Nf6 18. h3 Rhe8 19. Rg1 g6 20. Rg5 Bb6 21.
Bg2 h6 22. Re5 Rxe5 23. fxe5 Nh5 24. Nd5 Nc6 25. d4 Ng7 26. c4 Ne6 27. c5 Ba5
28. a3 b6 29. b4 bxc5 30. dxc5 Nxe5 31. bxa5 Nc4 32. Bc1 Qa4 33. Qc2 Qb5+ 34.
Ka2 c6 35. Nc3 Qxa5 36. Qb3+ Ka8 37. Qxc4 Rxd1 38. Nxd1 Nxc5 39. e5 Ne6 40.
Qxc6+ {Normal} 1-0

[Event "Rated Blitz tournament 2BDPFG6H"]
[Site "?"]
[Date "2021.04.08"]
[Round "?"]
[White "fireanigirl"]
[Black "Maltinho"]
[Result "1-0"]
[WhiteElo "2686"]
[BlackElo "2576"]
[PlyCount "49"]
[EventDate "2021.??.??"]
[EventType "blitz"]

1. e4 e5 2. Nf3 d5 3. exd5 Bd6 4. Nc3 f5 5. Bb5+ c6 6. dxc6 Nxc6 7. Bc4 Nf6 8.
O-O e4 9. Re1 Kf8 10. Ng5 Bxh2+ 11. Kf1 Ne5 12. Bb3 b6 13. d3 Ba6 14. Ne6+ Ke7
15. Nxd8 Rhxd8 16. g3 Nxd3 17. cxd3 Rxd3 18. Qxd3 Bxd3+ 19. Kg2 Ng4 20. f3 Ne5
21. fxe4 fxe4 22. Bg5+ Kd6 23. Nxe4+ Bxe4+ 24. Rxe4 h6 25. Bf4 {Normal} 1-0

[Event "Rated Blitz game"]
[Site "?"]
[Date "2021.04.08"]
[Round "?"]
[White "FraDoNicks"]
[Black "Erow"]
[Result "0-1"]
[WhiteElo "2594"]
[BlackElo "2688"]
[PlyCount "46"]
[EventDate "2021.??.??"]
[EventType "blitz"]

1. e4 e5 2. Nf3 d5 3. exd5 e4 4. Qe2 Nf6 5. Nc3 Be7 6. Nxe4 O-O 7. d3 Nxd5 8.
c4 Nb6 9. Qd1 Re8 10. Be2 Nc6 11. O-O f5 12. Nc3 Bf6 13. Bf4 Be6 14. Nb5 Rc8
15. d4 Nxc4 16. Nxc7 Rxc7 17. Bxc7 Qxc7 18. d5 Nxb2 19. Qb3 Na5 20. Rac1 Qxc1
21. Qb5 Qc8 22. dxe6 Nc6 23. Ra1 Na4 {Normal} 0-1

[Event "Rated Blitz tournament 2BDPFG6H"]
[Site "?"]
[Date "2021.04.08"]
[Round "?"]
[White "Donnerhall"]
[Black "Maltinho"]
[Result "1-0"]
[WhiteElo "2693"]
[BlackElo "2563"]
[PlyCount "23"]
[EventDate "2021.??.??"]
[EventType "blitz"]

1. e4 e5 2. Nf3 d5 3. exd5 Bd6 4. d4 e4 5. Nfd2 Nf6 6. c4 O-O 7. Nc3 c5 8. dxc5
Bxc5 9. Nb3 Bxf2+ 10. Kxf2 Ng4+ 11. Kg1 Qf6 12. Qd4 {Normal} 1-0

[Event "Rated Blitz game"]
[Site "?"]
[Date "2021.04.08"]
[Round "?"]
[White "Aram67-Shag"]
[Black "Evdokimov_Michael"]
[Result "1-0"]
[WhiteElo "2445"]
[BlackElo "2281"]
[PlyCount "79"]
[EventDate "2021.??.??"]
[EventType "blitz"]

1. e4 e5 2. Nf3 d5 3. d4 dxe4 4. Nxe5 Bd6 5. Nc3 Bxe5 6. dxe5 Qxd1+ 7. Nxd1 Nc6
8. Bb5 Nge7 9. Nc3 Bf5 10. Bg5 O-O 11. O-O-O a6 12. Bxe7 Nxe7 13. Bd7 e3 14.
fxe3 Rad8 15. Bxf5 Nxf5 16. e4 Ne3 17. Rxd8 Rxd8 18. g3 Re8 19. Re1 Ng4 20. Rd1
Nxe5 21. Rd5 c6 22. Rd6 g6 23. b3 Kg7 24. Na4 Re7 25. Nc5 Ng4 26. h4 Nf2 27.
Rd4 b6 28. Nxa6 Nxe4 29. Rd3 Ra7 30. Nb8 Rc7 31. a4 Nc5 32. Rc3 Kf6 33. Nxc6
Rxc6 34. b4 Kf5 35. bxc5 Rxc5 36. Rxc5+ bxc5 37. a5 Ke6 38. a6 Kd7 39. a7 Kc7
40. a8=Q {Normal} 1-0

[Event "Rated Blitz tournament 2BDPFG6H"]
[Site "?"]
[Date "2021.04.08"]
[Round "?"]
[White "Cyberforce"]
[Black "Maltinho"]
[Result "1-0"]
[WhiteElo "2625"]
[BlackElo "2553"]
[PlyCount "85"]
[EventDate "2021.??.??"]
[EventType "blitz"]

1. e4 e5 2. Nf3 d5 3. exd5 Bd6 4. d4 e4 5. Ne5 Nf6 6. Nc3 O-O 7. Bc4 Nbd7 8.
Bf4 Re8 9. Qd2 Nxe5 10. dxe5 Bxe5 11. Bxe5 Rxe5 12. O-O-O Bf5 13. h3 Bg6 14.
Rhe1 a6 15. d6 cxd6 16. Qxd6 Qe8 17. Bb3 Rc8 18. Nd5 Nxd5 19. Rxd5 Rxd5 20.
Qxd5 Rc7 21. Rd1 h6 22. Qd8 Qxd8 23. Rxd8+ Kh7 24. Kd2 Re7 25. Ke3 Bf5 26. Bd5
g5 27. c4 Bg6 28. c5 f5 29. g3 Rc7 30. b4 a5 31. a3 axb4 32. axb4 Bf7 33. Bxf7
Rxf7 34. Rd6 Rg7 35. g4 fxg4 36. hxg4 Rf7 37. b5 Rc7 38. c6 bxc6 39. bxc6 Kg8
40. Kxe4 Kf7 41. Kd5 Ke7 42. Rxh6 Rxc6 43. Rxc6 {Normal} 1-0

[Event "Rated Blitz game"]
[Site "?"]
[Date "2021.04.08"]
[Round "?"]
[White "warrior0506"]
[Black "KamranShirazi"]
[Result "0-1"]
[WhiteElo "2410"]
[BlackElo "2460"]
[PlyCount "66"]
[EventDate "2021.??.??"]
[EventType "blitz"]

1. e4 e5 2. Nf3 d5 3. exd5 e4 4. Qe2 Nf6 5. Ng5 Be7 6. Nxe4 Nxd5 7. Nbc3 Nb4 8.
d3 N8c6 9. Be3 Nd4 10. Bxd4 Qxd4 11. O-O-O O-O 12. Qe3 Qd8 13. a3 a5 14. h4 f5
15. Ng5 h6 16. Nf3 Bf6 17. Qc5 Be6 18. axb4 axb4 19. Qxb4 c5 20. Qb5 Ra5 21.
Qxb7 Qd6 22. Nb5 Qf4+ 23. Kb1 Rfa8 24. c3 Ra1+ 25. Kc2 Qa4+ 26. Kd2 Qxd1+ 27.
Ke3 Qc1+ 28. Ke2 Bb3 29. Nd2 Bd1+ 30. Ke3 Re8+ 31. Kf4 Qxd2+ 32. Kg3 Be5+ 33.
Kh3 Bg4# {Normal} 0-1

[Event "Rated Blitz tournament u42Rsrjj"]
[Site "?"]
[Date "2021.04.08"]
[Round "?"]
[White "batradz"]
[Black "Schachelite"]
[Result "0-1"]
[WhiteElo "2324"]
[BlackElo "2432"]
[PlyCount "126"]
[EventDate "2021.??.??"]
[EventType "blitz"]

1. e4 e5 2. Nf3 d5 3. Nxe5 Bd6 4. d4 dxe4 5. Bc4 Bxe5 6. dxe5 Qxd1+ 7. Kxd1 Nc6
8. Re1 Bg4+ 9. Be2 O-O-O+ 10. Bd2 Nxe5 11. Nc3 f5 12. h3 Bxe2+ 13. Rxe2 Nc4 14.
Ke1 Nxd2 15. Rxd2 Rxd2 16. Kxd2 Nf6 17. Ke3 g5 18. Rd1 Rd8 19. Rxd8+ Kxd8 20.
Nb5 a6 21. Nd4 Nd5+ 22. Kd2 f4 23. Ne6+ Kd7 24. Nxg5 e3+ 25. fxe3 Nxe3 26. g4
h6 27. Nf7 Nc4+ 28. Ke2 h5 29. gxh5 Ke6 30. b3 Na3 31. Nd8+ Kf5 32. Nxb7 Nxc2
33. h6 Kg6 34. Kf3 Kxh6 35. Nc5 Nb4 36. a3 Nc2 37. Nxa6 Nxa3 38. Nxc7 Kg5 39.
Ne6+ Kh4 40. Nxf4 Nb5 41. b4 Kg5 42. Ng2 Kf5 43. Ke3 Ke5 44. Kd3 Kd5 45. h4 Ke5
46. Kc4 Nd6+ 47. Kc5 Nb7+ 48. Kb6 Nd6 49. b5 Nc4+ 50. Kc5 Nd6 51. b6 Ke6 52.
Kc6 Nc4 53. b7 Na5+ 54. Kb6 Nc4+ 55. Kc5 Ne5 56. b8=Q Nd7+ 57. Kc6 Nxb8+ 58.
Kc7 Nd7 59. Kc6 Ne5+ 60. Kc5 Kf5 61. Kd4 Ng4 62. Kd3 Ne5+ 63. Ke3 Nd7 {Time
forfeit} 0-1

[Event "Rated Blitz game"]
[Site "?"]
[Date "2021.04.08"]
[Round "?"]
[White "warrior0506"]
[Black "KamranShirazi"]
[Result "0-1"]
[WhiteElo "2380"]
[BlackElo "2487"]
[PlyCount "32"]
[EventDate "2021.??.??"]
[EventType "blitz"]

1. e4 e5 2. Nf3 d5 3. exd5 e4 4. Qe2 Nf6 5. d3 Bb4+ 6. c3 O-O 7. cxb4 exf3 8.
gxf3 Nxd5 9. a3 Re8 10. Be3 Qh4 11. Kd2 Nc6 12. Nc3 Nd4 13. Qd1 Nxe3 14. fxe3
Qf2+ 15. Kc1 Rxe3 16. Nd5 Re1 {Normal} 0-1

[Event "Rated Blitz tournament sqaWFzn5"]
[Site "?"]
[Date "2021.04.08"]
[Round "?"]
[White "vremis"]
[Black "PVP_MACTEP"]
[Result "1-0"]
[WhiteElo "2250"]
[BlackElo "2404"]
[PlyCount "97"]
[EventDate "2021.??.??"]
[EventType "blitz"]

1. e4 e5 2. Nf3 d5 3. Nxe5 Bd6 4. d4 dxe4 5. Nc4 f6 6. Nxd6+ Qxd6 7. Bc4 f5 8.
c3 Nf6 9. Qb3 Nc6 10. Bf7+ Kf8 11. Bc4 Na5 12. Qa4 Nxc4 13. Qxc4 Be6 14. Qe2
Re8 15. g3 e3 16. Bxe3 Bd5 17. O-O Ng4 18. c4 Qh6 19. h4 Nxe3 20. fxe3 Be4 21.
Nc3 g6 22. Rae1 Kg7 23. Rf4 Re7 24. Nxe4 Rxe4 25. Rxe4 fxe4 26. Rf1 Rf8 27.
Rxf8 Kxf8 28. Qf2+ Ke7 29. Qf4 Qh5 30. Qxc7+ Kf6 31. Qd8+ Ke6 32. Qd5+ Qxd5 33.
cxd5+ Kxd5 34. b3 Kc6 35. g4 Kb5 36. Kf2 h6 37. Ke2 Kb4 38. Kd2 h5 39. g5 b6
40. Kc2 a6 41. Kb2 Kb5 42. a3 Kc6 43. Kc3 Kd5 44. a4 a5 45. b4 axb4+ 46. Kxb4
Kc6 47. Kc4 Kd6 48. Kb5 Kc7 49. d5 {Normal} 1-0

[Event "Rated Blitz tournament 07t0IIY1"]
[Site "?"]
[Date "2021.04.08"]
[Round "?"]
[White "Hanyut"]
[Black "om_gendut"]
[Result "1/2-1/2"]
[WhiteElo "2346"]
[BlackElo "2402"]
[PlyCount "21"]
[EventDate "2021.??.??"]
[EventType "blitz"]

1. e4 e5 2. Nf3 d5 3. Nxe5 Bd6 4. d4 dxe4 5. Nc4 Be7 6. Ne3 Nf6 7. Be2 O-O 8.
c4 Nc6 9. Nc2 Bf5 10. Be3 Re8 11. Nc3 {Normal} 1/2-1/2

[Event "Rated Blitz game"]
[Site "?"]
[Date "2021.04.08"]
[Round "?"]
[White "Kcerov"]
[Black "King_bg03"]
[Result "1/2-1/2"]
[WhiteElo "2492"]
[BlackElo "2522"]
[PlyCount "99"]
[EventDate "2021.??.??"]
[EventType "blitz"]

1. e4 e5 2. Nf3 d5 3. Nxe5 Bd6 4. d4 dxe4 5. Nc3 Bxe5 6. dxe5 Qxd1+ 7. Kxd1 Nc6
8. Bb5 Bg4+ 9. Ke1 Nge7 10. Nxe4 O-O-O 11. Bg5 Rd5 12. Bxc6 Nxc6 13. f4 Nxe5
14. fxe5 Rxe5 15. Kf2 Rxe4 16. Rae1 Rhe8 17. Rxe4 Rxe4 18. Re1 Rxe1 19. Kxe1
Kd7 20. Kd2 Be6 21. a3 Kc6 22. Be3 a6 23. Bd4 g6 24. h4 Kd5 25. Bf2 Ke4 26. Bg3
c5 27. b3 c4 28. bxc4 Bxc4 29. Bc7 h6 30. a4 Bf1 31. g3 g5 32. hxg5 hxg5 33.
Bd8 Kf5 34. a5 Bb5 35. Ke3 Ba4 36. c4 Kg4 37. Kf2 f5 38. c5 Bc6 39. Bc7 Kh3 40.
Bd8 f4 41. gxf4 g4 42. f5 Bd5 43. f6 Kh2 44. Bc7+ Kh3 45. Bf4 Bf7 46. Be5 Be6
47. Bf4 Bf7 48. Be5 Be6 49. Bf4 Bf7 50. Be5 {Normal} 1/2-1/2

[Event "Rated Blitz game"]
[Site "?"]
[Date "2021.04.08"]
[Round "?"]
[White "qnefe"]
[Black "lastemperor1"]
[Result "1-0"]
[WhiteElo "2403"]
[BlackElo "2343"]
[PlyCount "91"]
[EventDate "2021.??.??"]
[EventType "blitz"]

1. e4 e5 2. Nf3 d5 3. Nxe5 Bd6 4. d4 dxe4 5. Bc4 Bxe5 6. Qh5 Qe7 7. Qxe5 Qxe5
8. dxe5 Ne7 9. Bf4 Nbc6 10. Nc3 Ng6 11. Bg3 Ngxe5 12. Bb3 Bd7 13. O-O-O O-O-O
14. Nxe4 Bf5 15. Nc5 b6 16. Na4 f6 17. Rhe1 Ng6 18. a3 Nd4 19. Bc4 b5 20. c3
Nc2 21. Bxb5 Nxe1 22. Ba6+ Kb8 23. Rxe1 Bd3 24. Nc5 Bxa6 25. Nxa6+ Kb7 26. Nxc7
Rd7 27. Nb5 Rhd8 28. Nd4 Ne7 29. Ne6 Rg8 30. Nc5+ Kc6 31. Nxd7 Kxd7 32. Rd1+
Ke6 33. Rd6+ Kf7 34. Rd7 Ke6 35. Rxa7 Nf5 36. b4 g5 37. a4 h5 38. h3 h4 39. Bh2
g4 40. hxg4 Rxg4 41. Ra6+ Kf7 42. b5 Rxg2 43. Bc7 Rxf2 44. b6 Ne3 45. b7 Rc2+
46. Kb1 {Time forfeit} 1-0

[Event "Rated Blitz tournament 2BDPFG6H"]
[Site "?"]
[Date "2021.04.08"]
[Round "?"]
[White "BughouseKnight"]
[Black "Maltinho"]
[Result "1-0"]
[WhiteElo "2471"]
[BlackElo "2548"]
[PlyCount "149"]
[EventDate "2021.??.??"]
[EventType "blitz"]

1. e4 e5 2. Nf3 d5 3. Nxe5 Bd6 4. d4 dxe4 5. Nc4 Nf6 6. Nc3 O-O 7. Bg5 Nc6 8.
d5 Ne5 9. Be2 Nxc4 10. Bxc4 Re8 11. O-O Qe7 12. Bh4 Qe5 13. Bg3 Qg5 14. Nb5
Bxg3 15. fxg3 Qe3+ 16. Kh1 Qc5 17. Qd4 Qxd4 18. Nxd4 a6 19. Rad1 Bg4 20. Rde1
Rad8 21. h3 Bh5 22. Nf5 Bg6 23. Ne3 Re5 24. Rd1 h5 25. Kh2 Kf8 26. Bb3 Ke7 27.
c4 b6 28. Bc2 a5 29. a3 Kd6 30. b4 axb4 31. axb4 Ra8 32. Ra1 Ree8 33. Rfc1 Ke5
34. Ba4 Red8 35. Bc6 Rxa1 36. Rxa1 Kd4 37. Nc2+ Kxc4 38. Ra7 Kc3 39. Ne1 Kd2
40. Ra1 e3 41. Kg1 Nxd5 42. Nf3+ Kc3 43. Re1 Kxb4 44. Bxd5 Rxd5 45. Rxe3 c5 46.
g4 hxg4 47. hxg4 Rd3 48. Re5 c4 49. Ne1 Rd1 50. Kf2 c3 51. Ke2 Rd2+ 52. Ke3 b5
53. g3 Ka4 54. Re8 b4 55. Ra8+ Kb3 56. Rb8 Rd7 57. Rb6 Re7+ 58. Kf2 Rxe1 59.
Kxe1 Ka3 60. Kd1 b3 61. Ra6+ Kb2 62. Ke2 c2 63. Rc6 c1=Q 64. Rxc1 Kxc1 65. Ke3
b2 66. Kf4 b1=Q 67. Kg5 Qd3 68. Kh4 Qe4 69. Kh3 Qe3 70. Kg2 Be4+ 71. Kh3 Qf3
72. Kh4 Qxg4+ 73. Kxg4 Bg6 74. Kf4 f5 75. g4 {Time forfeit} 1-0